书目信息 |
| 题名: |
理论动态
|
|
| 作者: | ;中共中央党校理论研究室 编 | |
| 分册: | 第二辑(第35-52期) | |
| 出版信息: | 北京 人民出版社 1978 |
|
| 页数: | 89页 | |
| 开本: | 26cm | |
| 丛书名: | ||
| 单 册: | ||
| 中图分类: | D-55 | |
| 科图分类: | ||
| 主题词: | 政治--文集 | |
| 电子资源: | ||
| ISBN: | ||
| 000 | 00734nam0 2200241 45 | |
| 001 | 0178003929 | |
| 005 | 20060317102840.29 | |
| 010 | @dCNY0.51 | |
| 091 | @a17001.42 | |
| 100 | @a19950714d1978 em y0chiy0121 ea | |
| 101 | 0 | @achi |
| 102 | @aCN@b110000 | |
| 105 | @ay z 000yy | |
| 200 | 10 | @a理论动态@Ali lun dong tai@h第二辑(第35-52期)@f中共中央党校理论研究室编@Fzhong gong zhong yang dang xiao li lun yan jiu shi bian |
| 210 | @a北京@c人民出版社@d1978 | |
| 215 | @a89页@d26cm | |
| 300 | @a内部发行 | |
| 606 | @a政治@x文集 | |
| 610 | 0 | @a理论@a动态 |
| 690 | @aD-55@v4 | |
| 711 | 0 | @a中共中央党校理论研究室@Azhong gong zhong yang dang xiao li lun yan jiu shi@4编 |
| 801 | 0 | @aCN@bTSSF@c20060317 |
| 905 | @a10447@dD-55@e1:2 | |
| 理论动态.第二辑(第35-52期)/中共中央党校理论研究室编.-北京:人民出版社,1978 |
| 89页;26cm |
| 内部发行 |
| ISBN :CNY0.51 |
| ● |
| 相关链接 |
|
|
|
|
正题名:理论动态
索取号:D-55/1:2
 
预约/预借
| 序号 | 登录号 | 条形码 | 馆藏地/架位号 | 状态 | 备注 |
| 1 | 0007582 | 202157708 | 密集书库/ [索取号:D-55/1:2] | 在馆 | |
| 2 | 0007583 | 200075836 | 密集书库/ [索取号:D-55/1:2] | 在馆 |